La agenda ética pendiente de América Latina (Record no. 21017)

MARC details
000 -LEADER
campo de control de longitud fija 01426nmc a2200517 a 4500
003 - IDENTIFICADOR DE NÚMERO DE CONTROL
campo de control AR-BaBNM
005 - FECHA Y HORA DE LA ÚLTIMA TRANSACCIÓN
campo de control 20251128211750.0
008 - DATOS DE LONGITUD FIJA--INFORMACIÓN GENERAL
campo de control de longitud fija 236020s2005 ||||||||||||||000 | spa||
020 ## - NÚMERO INTERNACIONAL ESTÁNDAR DEL LIBRO
Número Internacional Estándar del Libro 950-557-650-1
040 ## - FUENTE DE CATALOGACIÓN
Centro/agencia transcriptor AR-BaBNM
245 10 - MENCIÓN DEL TÍTULO
Título La agenda ética pendiente de América Latina
250 ## - MENCION DE EDICION
Mención de edición 1ª ed.
260 ## - PUBLICACIÓN, DISTRIBUCIÓN, ETC.
Lugar de publicación, distribución, etc. Buenos Aires
Nombre del editor, distribuidor, etc. Inter-American Development Bank
Fecha de publicación, distribución, etc. 2005
Nombre del editor, distribuidor, etc. Fondo de Cultura Económica
300 0# - DESCRIPCIÓN FÍSICA
Extensión 365 p.
490 #0 - MENCIÓN DE SERIE
Mención de serie Política y derecho
610 24 - PUNTO DE ACCESO ADICIONAL DE MATERIA--NOMBRE DE ENTIDAD CORPORATIVA
Nombre de entidad corporativa o nombre de jurisdicción como elemento de entrada Banco Interamericano de Desarrollo
650 #4 - PUNTO DE ACCESO ADICIONAL DE MATERIA--TÉRMINO DE MATERIA
Término de materia o nombre geográfico como elemento de entrada ETICA
650 #4 - PUNTO DE ACCESO ADICIONAL DE MATERIA--TÉRMINO DE MATERIA
Término de materia o nombre geográfico como elemento de entrada POLITICA ECONOMICA
650 #4 - PUNTO DE ACCESO ADICIONAL DE MATERIA--TÉRMINO DE MATERIA
Término de materia o nombre geográfico como elemento de entrada POLITICA SOCIAL
650 #4 - PUNTO DE ACCESO ADICIONAL DE MATERIA--TÉRMINO DE MATERIA
Término de materia o nombre geográfico como elemento de entrada VALORES
650 #4 - PUNTO DE ACCESO ADICIONAL DE MATERIA--TÉRMINO DE MATERIA
Término de materia o nombre geográfico como elemento de entrada POBREZA
650 #4 - PUNTO DE ACCESO ADICIONAL DE MATERIA--TÉRMINO DE MATERIA
Término de materia o nombre geográfico como elemento de entrada DESIGUALDAD SOCIAL
651 #4 - PUNTO DE ACCESO ADICIONAL DE MATERIA--NOMBRE GEOGRÁFICO
Nombre geográfico América Latina
700 1# - ENTRADA AGREGADA--NOMBRE PERSONAL
Nombre de persona Kliksberg, Bernardo
Término indicativo de función/relación compilador
700 1# - ENTRADA AGREGADA--NOMBRE PERSONAL
Nombre de persona Sen, Amartya
700 1# - ENTRADA AGREGADA--NOMBRE PERSONAL
Nombre de persona Mesa, Carlos
700 1# - ENTRADA AGREGADA--NOMBRE PERSONAL
Nombre de persona Filmus, Daniel
700 1# - ENTRADA AGREGADA--NOMBRE PERSONAL
Nombre de persona Ocampo, José Antonio
700 1# - ENTRADA AGREGADA--NOMBRE PERSONAL
Nombre de persona Grynspan, Rebeca
700 1# - ENTRADA AGREGADA--NOMBRE PERSONAL
Nombre de persona Roses Periago, Mirta
700 1# - ENTRADA AGREGADA--NOMBRE PERSONAL
Nombre de persona Kirchner, Alicia
700 1# - ENTRADA AGREGADA--NOMBRE PERSONAL
Nombre de persona Genro, Tarso
700 1# - ENTRADA AGREGADA--NOMBRE PERSONAL
Nombre de persona Angulo, Carmelo
700 0# - ENTRADA AGREGADA--NOMBRE PERSONAL
Nombre de persona Hopenhayn. Martín
700 1# - ENTRADA AGREGADA--NOMBRE PERSONAL
Nombre de persona Bonder, Gloria
700 1# - ENTRADA AGREGADA--NOMBRE PERSONAL
Nombre de persona Stalsett, Sturla
700 1# - ENTRADA AGREGADA--NOMBRE PERSONAL
Nombre de persona Montes, Fernando
700 1# - ENTRADA AGREGADA--NOMBRE PERSONAL
Nombre de persona Prats I Catala, Joan
700 1# - ENTRADA AGREGADA--NOMBRE PERSONAL
Nombre de persona Busatto, Cézar
700 1# - ENTRADA AGREGADA--NOMBRE PERSONAL
Nombre de persona Molinas, José
700 1# - ENTRADA AGREGADA--NOMBRE PERSONAL
Nombre de persona Reos, Orlando
700 1# - ENTRADA AGREGADA--NOMBRE PERSONAL
Nombre de persona Azcueta, Michel
700 1# - ENTRADA AGREGADA--NOMBRE PERSONAL
Nombre de persona Vallaeys, François
942 ## - ELEMENTOS DE ENTRADA SECUNDARIOS (KOHA)
Tipo de ítem Koha Libros
998 ## - INFORMACIÓN DE CONTROL LOCAL (RLIN)
Iniciales del catalogador, CIN (RLIN) me-solo cat
Holdings
Estatus retirado Estado de pérdida Fuente de la clasificación o esquema de estantería Estado de daño Restricciones de uso No para préstamo Biblioteca de origen Biblioteca actual Fecha de adquisición Total de préstamos Signatura topográfica completa Código de barras Visto por última vez Precio de reemplazo Tipo de ítem Koha
    Clasificación Decimal Dewey   Acceso restringido No para préstamo Liberty Liberty 28/11/2025   32 KLI 141792 28/11/2025 28/11/2025 Libros
    Clasificación Decimal Dewey   Acceso restringido No para préstamo Liberty Liberty 28/11/2025   32 KLI 141791 28/11/2025 28/11/2025 Libros